The Castro obsession : (Record no. 15070)

000 -LEADER
fixed length control field 01916cam a2200397 a 4500
001 - CONTROL NUMBER
control field 13849018
005 - DATE AND TIME OF LATEST TRANSACTION
control field 20170105102910.0
008 - FIXED-LENGTH DATA ELEMENTS--GENERAL INFORMATION
fixed length control field 050124s2005 dcua b 001 0deng
010 ## - LIBRARY OF CONGRESS CONTROL NUMBER
LC control number 2005001483
020 ## - INTERNATIONAL STANDARD BOOK NUMBER
International Standard Book Number 1574886754 (alk. paper)
040 ## - CATALOGING SOURCE
Original cataloging agency DLC
Transcribing agency DLC
Modifying agency DLC
043 ## - GEOGRAPHIC AREA CODE
Geographic area code n-us---
-- nwcu---
050 00 - LIBRARY OF CONGRESS CALL NUMBER
Classification number E183.8.C9
Item number B55 2005
082 00 - DEWEY DECIMAL CLASSIFICATION NUMBER
Classification number 327.1273/07291/09046
Edition number 22
100 1# - MAIN ENTRY--PERSONAL NAME
Personal name Bohning, Don,
Dates associated with a name 1933-
245 14 - TITLE STATEMENT
Title The Castro obsession :
Remainder of title U.S. covert operations against Cuba, 1959-1965 /
Statement of responsibility, etc. Don Bohning.
250 ## - EDITION STATEMENT
Edition statement 1st ed.
260 ## - PUBLICATION, DISTRIBUTION, ETC.
Place of publication, distribution, etc. Washington, D.C. :
Name of publisher, distributor, etc. Potomac Books,
Date of publication, distribution, etc. 2005.
300 ## - PHYSICAL DESCRIPTION
Extent xii, 307 p. :
Other physical details ill. ;
Dimensions 24 cm.
504 ## - BIBLIOGRAPHY, ETC. NOTE
Bibliography, etc. note Includes bibliographical references (p. 285-293) and index.
505 0# - FORMATTED CONTENTS NOTE
Formatted contents note The beginnings -- Evolution of a disaster -- Fixing blame -- Bobby takes charge -- Mongoose -- "Nutty schemes" -- Mongoose redux -- Miami, perpetual intrigue -- A new beginning -- Accommodation or assassination -- "Let Cubans be Cubans" -- Fading fast -- A last hurrah -- LBJ cashes out.
610 10 - SUBJECT ADDED ENTRY--CORPORATE NAME
Corporate name or jurisdiction name as entry element United States.
Subordinate unit Central Intelligence Agency
Form subdivision Biography.
650 #0 - SUBJECT ADDED ENTRY--TOPICAL TERM
Topical term or geographic name entry element Subversive activities
Geographic subdivision Cuba
General subdivision History
Chronological subdivision 20th century.
650 #0 - SUBJECT ADDED ENTRY--TOPICAL TERM
Topical term or geographic name entry element Espionage, American
Geographic subdivision Cuba
General subdivision History
Chronological subdivision 20th century.
650 #0 - SUBJECT ADDED ENTRY--TOPICAL TERM
Topical term or geographic name entry element Spies
Geographic subdivision United States
Form subdivision Interviews.
650 #0 - SUBJECT ADDED ENTRY--TOPICAL TERM
Topical term or geographic name entry element Exiles
Geographic subdivision United States
Form subdivision Interviews.
651 #0 - SUBJECT ADDED ENTRY--GEOGRAPHIC NAME
Geographic name United States
General subdivision Foreign relations
Geographic subdivision Cuba.
651 #0 - SUBJECT ADDED ENTRY--GEOGRAPHIC NAME
Geographic name Cuba
General subdivision Foreign relations
Geographic subdivision United States.
651 #0 - SUBJECT ADDED ENTRY--GEOGRAPHIC NAME
Geographic name United States
General subdivision Foreign relations
Chronological subdivision 1953-1961.
651 #0 - SUBJECT ADDED ENTRY--GEOGRAPHIC NAME
Geographic name United States
General subdivision Foreign relations
Chronological subdivision 1961-1963.
651 #0 - SUBJECT ADDED ENTRY--GEOGRAPHIC NAME
Geographic name United States
General subdivision Foreign relations
Chronological subdivision 1963-1969.
856 41 - ELECTRONIC LOCATION AND ACCESS
Materials specified Table of contents
Uniform Resource Identifier <a href="http://www.loc.gov/catdir/toc/ecip056/2005001483.html">http://www.loc.gov/catdir/toc/ecip056/2005001483.html</a>
906 ## - LOCAL DATA ELEMENT F, LDF (RLIN)
a 7
b cbc
c orignew
d 1
e ecip
f 20
g y-gencatlg
942 ## - ADDED ENTRY ELEMENTS (KOHA)
Source of classification or shelving scheme
Koha item type Book
Holdings
Withdrawn status Lost status Damaged status Not for loan Collection code Permanent Location Current Location Shelving location Date acquired Total Checkouts Full call number Barcode Date last seen Price effective from Koha item type
          Centre for International Peace & Stability (CIPS) Centre for International Peace & Stability (CIPS) General Stacks 10/01/2013   327.1273 BOH 2005 CIPS0001529 10/25/2013 10/25/2013 Book
© 2023 Central Library, National University of Sciences and Technology. All Rights Reserved.